Quick Pick: Find the Spider-Men Quiz Stats

 Plays Quiz Updated Mar 2, 2019

Support Sporcle.
Go Orange.
Score 0/7 Timer 00:30
0 Plays Today
% Correct
Tobey Maguire
92.1%
Andrew Garfield
86.2%
Tom Holland
84.4%
Jake Johnson
41.5%
Drake Bell
41%
Neil Patrick Harris
38.2%
Nicholas Hammond
34.4%

Today's Daily Dose

Word Ladder
From Q to Q

Get the Picture
'I' TV Shows

You're not logged in!

Compare scores with friends on all Sporcle quizzes.
OR
Log In

From the Vault

20th Century Women Match-Up

by khands

These ladies stand in good company on this list.
Remove Ads.
Support Sporcle.
Get the best of Sporcle when you Go Orange. This ad-free experience offers more features, more stats, and more fun while also helping to support Sporcle. Thank you for becoming a member.

Show Comments

Extras

Top Quizzes Today


Score Distribution

Your Account Isn't Verified!

In order to create a playlist on Sporcle, you need to verify the email address you used during registration. Go to your Sporcle Settings to finish the process.

Report this User

Report this user for behavior that violates our Community Guidelines.

Details: